[Event "Mercredi 2025.01.08 ABCD"]
[Site "Montreal CAN"]
[Date "2025.01.08"]
[Round "1"]
[White "Di Matteo, Alessio"]
[Black "Both, Aaron"]
[Result "1-0"]
[WhiteElo "1965"]
[BlackElo "1977"]
[WhiteFideId "-1"]
[WhiteFideId "-1"]
[PlyCount "79"]
[GameId "2142799102540568"]
[EventDate "2025.01.08"]
[EventType "tourn"]
[EventRounds "5"]
[EventCountry "CAN"]

1. d4 f5 2. Bg5 g6 3. Nc3 Bg7 4. e3 Nf6 5. h4 h6 6. Bf4 d6 7. Bc4 c6 8. Qd2 b5 9. Bd3 O-O 10. f3 b4 11. Na4 Qa5 12. b3 e5 13. Bh2 Nd5 14. Ne2 Qd8 15. O-O-O a5 16. dxe5 dxe5 17. e4 Qf6 18. Bc4 Ba6 19. Bxa6 Nxa6 20. exd5 c5 21. c4 bxc3 22. Qxc3 Nb4 23. Kb1 c4 24. bxc4 Rab8 25. Ka1 Rfc8 26. a3 Qa6 27. Nb2 f4 28. Bg1 e4 29. Bd4 Nxd5 30. Qc2 Ne3 31. Qxe4 Rb3 32. Bxg7 Kxg7 33. Rd7+ Kg8 34. Nd4 Rxa3+ 35. Kb1 Rb8 36. Nb5 Rb3 37. Qd4 Rxb2+ 38. Qxb2 Nf5 39. Rhd1 Qb6 40. Qe5 1-0

[Event "Mercredi 2025.01.08 ABCD"]
[Site "Montreal CAN"]
[Date "2025.01.08"]
[Round "1"]
[White "Gelet, Seymour"]
[Black "Genzling, Jerome"]
[Result "0-1"]
[WhiteElo "2101"]
[BlackElo "2143"]
[WhiteFideId "-1"]
[WhiteFideId "-1"]
[PlyCount "94"]
[GameId "2142799102364424"]
[EventDate "2025.01.08"]
[EventType "tourn"]
[EventRounds "5"]
[EventCountry "CAN"]

1. d4 d5 2. c4 e6 3. Nf3 a6 4. cxd5 exd5 5. Nc3 c6 6. Qb3 Nf6 7. Bg5 h6 8. Bxf6 Qxf6 9. Rc1 Nd7 10. g3 Bd6 11. Bg2 O-O 12. O-O Qe7 13. e4 dxe4 14. Rfe1 Nf6 15. Nd2 Be6 16. Qc2 Rad8 17. Ndxe4 Bb4 18. a3 Nxe4 19. Qxe4 Bxc3 20. bxc3 Qxa3 21. Bf1 Bd5 22. Qf5 Qd6 23. Rb1 b5 24. Ra1 Ra8 25. Ra5 g6 26. Qd3 c5 27. dxc5 Qxc5 28. Qd2 Kh7 29. Re5 Qc7 30. Qxd5 Qxa5 31. c4 Rad8 32. Qf3 Qc7 33. Qf6 bxc4 34. Re7 Rd7 35. Rxd7 Qxd7 36. Bxc4 a5 37. h4 Qf5 38. Qe7 Kg7 39. Qa7 Rd8 40. Be2 Qe5 41. Bc4 Qe1+ 42. Kh2 Rf8 43. Qd4+ Kh7 44. Qf6 Qe8 45. h5 Qd8 46. Qf4 Kg7 47. Qe5+ Qf6 0-1

[Event "Mercredi 2025.01.08 ABCD"]
[Site "Montreal CAN"]
[Date "2025.01.08"]
[Round "1"]
[White "Guillemette, Hugo"]
[Black "Zheng, Richard"]
[Result "1-0"]
[WhiteElo "2256"]
[BlackElo "2395"]
[WhiteFideId "-1"]
[WhiteFideId "-1"]
[PlyCount "99"]
[GameId "2142799102356221"]
[EventDate "2025.01.08"]
[EventType "tourn"]
[EventRounds "5"]
[EventCountry "CAN"]

1. d4 d5 2. c4 c6 3. Nf3 Nf6 4. e3 Bf5 5. Nc3 e6 6. Nh4 Be4 7. f3 Bg6 8. Nxg6 hxg6 9. Qb3 Qb6 10. Bd2 Nbd7 11. Bd3 Be7 12. O-O O-O 13. Be1 c5 14. Bf2 cxd4 15. exd4 dxc4 16. Bxc4 Qxb3 17. Bxb3 Nb6 18. Ne4 Nbd5 19. Rac1 Rac8 20. Nc5 Nf4 21. Bc4 b6 22. Ne4 Rc7 23. Ba6 Rfc8 24. Be3 Rxc1 25. Bxc1 Rc2 26. Bxf4 Rxb2 27. Bc4 Rb4 28. Rc1 b5 29. Bf1 Nxe4 30. fxe4 Rxd4 31. Bxb5 Rxe4 32. Bg3 Bg5 33. Rc8+ Kh7 34. Rc7 f6 35. Bf2 a5 36. Ra7 Bd2 37. a4 e5 38. Kf1 Bb4 39. g3 Bc3 40. Bb6 Re1+ 41. Kg2 Ra1 42. Ra6 Ra2+ 43. Kh3 e4 44. Bxa5 Be5 45. Bb6 f5 46. Be3 Ra3 47. Bg5 e3 48. Re6 Bd4 49. Be8 Bf6 50. Rxe3 1-0

[Event "Mercredi 2025.01.08 ABCD"]
[Site "Montreal CAN"]
[Date "2025.01.08"]
[Round "1"]
[White "Jacquet, Stephane"]
[Black "Nassif, Aba"]
[Result "1-0"]
[WhiteElo "2043"]
[BlackElo "1989"]
[WhiteFideId "-1"]
[WhiteFideId "-1"]
[PlyCount "63"]
[GameId "2142799102540567"]
[EventDate "2025.01.08"]
[EventType "tourn"]
[EventRounds "5"]
[EventCountry "CAN"]

1. d4 Nf6 2. c4 e6 3. Nf3 b6 4. g3 Bb7 5. Bg2 Bb4+ 6. Nbd2 O-O 7. O-O c5 8. d5 exd5 9. Nh4 Bc6 10. cxd5 Nxd5 11. Ne4 Qe7 12. a3 Ba5 13. Nf5 Qe5 14. Ned6 Ne7 15. Bf4 Qf6 16. e4 Nxf5 17. Nxf5 d5 18. exd5 Bd7 19. Ne3 Bb5 20. d6 Bxf1 21. Qxf1 Nd7 22. Bxa8 Rxa8 23. Qb5 Nf8 24. Rd1 Ne6 25. Nd5 Qd8 26. b4 Nd4 27. Rxd4 cxd4 28. bxa5 Rb8 29. d7 Rb7 30. Bc7 Rxc7 31. Nxc7 Qxc7 32. Qc6 1-0

[Event "Mercredi 2025.01.08 ABCD"]
[Site "Montreal CAN"]
[Date "2025.01.08"]
[Round "1"]
[White "Latorre, Vincent"]
[Black "Adam, Rafael"]
[Result "1-0"]
[WhiteElo "2324"]
[BlackElo "2311"]
[WhiteFideId "-1"]
[WhiteFideId "-1"]
[PlyCount "55"]
[GameId "2142799102356220"]
[EventDate "2025.01.08"]
[EventType "tourn"]
[EventRounds "5"]
[EventCountry "CAN"]

1. g3 f5 2. Bg2 Nf6 3. Nf3 d6 4. O-O e5 5. d3 Be7 6. c4 O-O 7. Nc3 h6 8. Rb1 g5 9. b4 Qe8 10. Nd2 Nbd7 11. a4 a5 12. b5 Rb8 13. Ba3 b6 14. Rc1 Bb7 15. Nd5 Bd8 16. Nb1 Nxd5 17. cxd5 Nf6 18. e4 Bc8 19. Nc3 Qg6 20. d4 Re8 21. Re1 f4 22. dxe5 Rxe5 23. Ne2 fxg3 24. hxg3 Nxe4 25. Nd4 Bd7 26. Qc2 Bf6 27. Bxe4 Rxe4 28. Qxe4 1-0

[Event "Mercredi 2025.01.08 ABCD"]
[Site "Montreal CAN"]
[Date "2025.01.08"]
[Round "1"]
[White "Mok, Yuen Tak"]
[Black "Pomerantz, Daniel"]
[Result "0-1"]
[WhiteElo "2121"]
[BlackElo "2083"]
[WhiteFideId "-1"]
[WhiteFideId "-1"]
[PlyCount "82"]
[GameId "2142799102364423"]
[EventDate "2025.01.08"]
[EventType "tourn"]
[EventRounds "5"]
[EventCountry "CAN"]

1. e4 e5 2. Nf3 Nc6 3. Bb5 a6 4. Ba4 Nf6 5. Qe2 d6 6. c3 Bd7 7. O-O g6 8. d4 b5 9. Bb3 Bg7 10. dxe5 dxe5 11. a4 O-O 12. Rd1 Qe7 13. Bc2 Rab8 14. Nbd2 Nh5 15. Nf1 Be6 16. axb5 axb5 17. Ra6 Nd8 18. g3 Nb7 19. Be3 Bc4 20. Bd3 Bxd3 21. Rxd3 Nf6 22. N3d2 Nc5 23. Bxc5 Qxc5 24. Qe3 Qe7 25. Nb3 Rfd8 26. Rxd8+ Rxd8 27. Ra7 Qd6 28. Kg2 h5 29. h3 Kh7 30. Qc5 Qd1 31. Na5 Nxe4 32. Qe3 Qd5 33. f3 Nd6 34. Rxc7 Nf5 35. Qf2 e4 36. Rc5 exf3+ 37. Kh2 Qe4 38. Nb3 h4 39. Nbd2 hxg3+ 40. Nxg3 Qf4 41. Nxf3 Rd2 0-1

[Event "Mercredi 2025.01.08 ABCD"]
[Site "Montreal CAN"]
[Date "2025.01.08"]
[Round "1"]
[White "Ramesan, Raunak Amit"]
[Black "Lima-Barbosa, Raphael"]
[Result "1/2-1/2"]
[WhiteElo "1949"]
[BlackElo "1928"]
[WhiteFideId "-1"]
[WhiteFideId "-1"]
[PlyCount "65"]
[GameId "2142799102540581"]
[EventDate "2025.01.08"]
[EventType "tourn"]
[EventRounds "5"]
[EventCountry "CAN"]

1. e4 c5 2. Nf3 d6 3. d4 cxd4 4. Nxd4 Nf6 5. Nc3 a6 6. Bg5 e6 7. f4 Nbd7 8. Qf3 Qc7 9. O-O-O b5 10. a3 Bb7 11. g4 Rc8 12. Bd3 Be7 13. Bxf6 Bxf6 14. Nde2 g5 15. Kb1 Qa5 16. Rhf1 O-O 17. Qh3 e5 18. fxg5 Bxg5 19. Rf5 f6 20. Qg3 b4 21. axb4 Qxb4 22. h4 Bf4 23. Nxf4 exf4 24. Qe1 Rc5 25. Nd5 Qxe1 26. Rxe1 Bxd5 27. exd5 Ne5 28. Rxf4 Nxd3 29. cxd3 Rxd5 30. d4 Rf7 31. Re8+ Kg7 32. Ra8 a5 33. Rb8 1/2-1/2

[Event "Mercredi 2025.01.08 ABCD"]
[Site "Montreal CAN"]
[Date "2025.01.15"]
[Round "2"]
[White "Adam, Rafael"]
[Black "Guillemette, Hugo"]
[Result "0-1"]
[WhiteElo "2311"]
[BlackElo "2256"]
[WhiteFideId "-1"]
[WhiteFideId "-1"]
[PlyCount "98"]
[GameId "2142799102364415"]
[EventDate "2025.01.08"]
[EventType "tourn"]
[EventRounds "5"]
[EventCountry "CAN"]

1. d4 Nf6 2. Bf4 e6 3. e3 c5 4. Nf3 Be7 5. dxc5 Qa5+ 6. Nbd2 Qxc5 7. c4 d6 8. Be2 O-O 9. O-O Nbd7 10. Rc1 b6 11. a3 Bb7 12. b4 Qc7 13. Nb3 Ne4 14. Nfd2 e5 15. Nxe4 exf4 16. Nc3 fxe3 17. f4 Nf6 18. Qd3 Rfe8 19. Nd4 Qd7 20. Nf5 Bf8 21. Nxe3 Qe6 22. Nc2 d5 23. cxd5 Nxd5 24. Nd4 Qf6 25. Nxd5 Bxd5 26. Rcd1 Rad8 27. Rd2 a5 28. Qc3 axb4 29. axb4 Bb7 30. Bf3 Bxf3 31. Rxf3 Re1+ 32. Rf1 Rxf1+ 33. Kxf1 Qxf4+ 34. Nf3 Rxd2 35. Qxd2 Qxd2 36. Nxd2 Bxb4 37. Nb3 f6 38. Ke2 Kf7 39. Kd3 Bd6 40. h3 b5 41. Nd4 b4 42. Kc4 g6 43. g4 Be5 44. Nf3 Bc3 45. Kd3 Ke6 46. Kc4 Kd6 47. g5 f5 48. h4 Ke6 49. h5 gxh5 0-1

[Event "Mercredi 2025.01.08 ABCD"]
[Site "Montreal CAN"]
[Date "2025.01.15"]
[Round "2"]
[White "Both, Aaron"]
[Black "Jacquet, Stephane"]
[Result "0-1"]
[WhiteElo "1977"]
[BlackElo "2043"]
[WhiteFideId "-1"]
[WhiteFideId "-1"]
[PlyCount "72"]
[GameId "2142799102540570"]
[EventDate "2025.01.08"]
[EventType "tourn"]
[EventRounds "5"]
[EventCountry "CAN"]

1. e4 d6 2. d4 g6 3. Nc3 Bg7 4. Be3 a6 5. Qd2 b5 6. Bd3 Nd7 7. h4 Ngf6 8. Bh6 Bxh6 9. Qxh6 Bb7 10. Nf3 b4 11. Ne2 Bxe4 12. Bxe4 Nxe4 13. Qg7 Rf8 14. O-O Ndf6 15. Rfe1 Rg8 16. Qh6 Nxf2 17. Ng3 N2g4 18. Qf4 h5 19. a3 bxa3 20. Rxa3 Kf8 21. Ng5 Kg7 22. Rd3 Rb8 23. b3 Qd7 24. d5 Ne5 25. Rd4 c5 26. Rd2 Rb4 27. Qf2 Qg4 28. c4 Rxb3 29. N3e4 Nxe4 30. Rxe4 Qg3 31. Qf1 f6 32. Ne6+ Kh7 33. Rf2 Ng4 34. Ng5+ Kh6 35. Rxg4 hxg4 36. Ne4 Qe3 0-1

[Event "Mercredi 2025.01.08 ABCD"]
[Site "Montreal CAN"]
[Date "2025.01.15"]
[Round "2"]
[White "Cardin, Guillaume"]
[Black "Genzling, Jerome"]
[Result "1-0"]
[WhiteElo "2092"]
[BlackElo "2143"]
[WhiteFideId "-1"]
[WhiteFideId "-1"]
[PlyCount "97"]
[GameId "2142799102495499"]
[EventDate "2025.01.08"]
[EventType "tourn"]
[EventRounds "5"]
[EventCountry "CAN"]

1. d4 d5 2. c4 e6 3. Nf3 a6 4. Bg5 Be7 5. Bxe7 Qxe7 6. Nbd2 Nf6 7. g3 b6 8. Bg2 Bb7 9. Rc1 c5 10. cxd5 exd5 11. dxc5 bxc5 12. Nb3 Nbd7 13. Na5 Rb8 14. Nxb7 Rxb7 15. b3 O-O 16. O-O Re8 17. e3 a5 18. Qd3 Ra8 19. Nd2 Ne5 20. Qc2 Rc7 21. Nc4 Ra6 22. Nxe5 Qxe5 23. Rfd1 a4 24. Qd3 Rd6 25. Qb5 axb3 26. axb3 Nd7 27. Qa5 Rc8 28. b4 c4 29. Bxd5 c3 30. Qa2 Qf6 31. Bxf7+ Kf8 32. Rxd6 Qxd6 33. Qd5 Qe7 34. Bh5 Nf6 35. Qf5 Qc7 36. Bd1 Qc4 37. Bb3 Qc7 38. b5 Rd8 39. g4 h6 40. h4 Ke8 41. g5 hxg5 42. hxg5 c2 43. Qe6+ Kf8 44. gxf6 Rd1+ 45. Rxd1 cxd1=Q+ 46. Bxd1 gxf6 47. Qxf6+ Kg8 48. Bb3+ Kh7 49. Qf7+ 1-0

[Event "Mercredi 2025.01.08 ABCD"]
[Site "Montreal CAN"]
[Date "2025.01.15"]
[Round "2"]
[White "Chapdelaine, Gwyn"]
[Black "Mok, Yuen Tak"]
[Result "1-0"]
[WhiteElo "2194"]
[BlackElo "2121"]
[WhiteFideId "-1"]
[WhiteFideId "-1"]
[PlyCount "96"]
[GameId "2142799102364426"]
[EventDate "2025.01.08"]
[EventType "tourn"]
[EventRounds "5"]
[EventCountry "CAN"]

1. e4 c6 2. d4 d5 3. f3 dxe4 4. fxe4 e5 5. Nf3 Bg4 6. Bc4 Nd7 7. O-O Ngf6 8. c3 Bd6 9. Bg5 h6 10. Bh4 g5 11. Bg3 Qe7 12. Qb3 O-O-O 13. Nbd2 Bxf3 14. Rxf3 exd4 15. cxd4 Bxg3 16. hxg3 Nxe4 17. Qe3 Ndf6 18. Re1 Qb4 19. Nxe4 Nxe4 20. b3 Nd6 21. Bxf7 Nxf7 22. Rxf7 Qxd4 23. Qxd4 Rxd4 24. Ree7 Rb4 25. Kf2 a5 26. Ke3 Kb8 27. Kd3 Rd8+ 28. Kc3 Rd5 29. Rh7 Rd6 30. a3 Rb5 31. Kc2 Rc5+ 32. Kb1 Rd1+ 33. Kb2 Rd2+ 34. Kb1 Rb5 35. b4 c5 36. Kc1 Ra2 37. bxc5 Rxa3 38. Kd2 Rxg3 39. Kc1 Rxg2 40. c6 Rg1+ 41. Kc2 a4 42. c7+ Ka7 43. c8=Q Rgb1 44. Kd2 R5b2+ 45. Kd3 a3 46. Qc5+ Ka6 47. Rxh6+ b6 48. Qc4+ Rb5 {illisible} 1-0

[Event "Mercredi 2025.01.08 ABCD"]
[Site "Montreal CAN"]
[Date "2025.01.15"]
[Round "2"]
[White "Deboosere, Adam"]
[Black "Di Matteo, Alessio"]
[Result "1-0"]
[WhiteElo "2003"]
[BlackElo "1965"]
[WhiteFideId "-1"]
[WhiteFideId "-1"]
[PlyCount "92"]
[GameId "2142799102540569"]
[EventDate "2025.01.08"]
[EventType "tourn"]
[EventRounds "5"]
[EventCountry "CAN"]

1. e4 e6 2. d4 d5 3. Nd2 c5 4. exd5 Qxd5 5. dxc5 Bxc5 6. Ngf3 Nf6 7. Bc4 Qd7 8. O-O Nc6 9. Qe2 O-O 10. Ne4 Nxe4 11. Qxe4 f5 12. Qh4 Be7 13. Bg5 Bf6 14. Rfe1 Qf7 15. Rad1 Re8 16. Rd6 Bxb2 17. a4 Bf6 18. g4 Bc3 19. Re3 Bb4 20. Rd1 Bc5 21. Re2 h6 22. Bc1 Qg6 23. g5 Kh7 24. Kh1 h5 25. Bb5 e5 26. Bxc6 bxc6 27. Rxe5 Bb6 28. Rxe8 Qxe8 29. Re1 Qf7 30. g6+ Qxg6 31. Ne5 Qe8 32. Nf3 Qg6 33. Ng5+ Kh8 34. Qc4 Bxf2 35. Re2 Bb6 36. a5 Bc7 37. Nf7+ Kh7 38. Re8 Ba6 39. Ng5+ Kh6 40. Nf3+ f4 41. Bxf4+ Bxf4 42. Qxf4+ Kh7 43. Ng5+ Kh6 44. Ne4+ Kh7 45. Rxa8 c5 46. Ng5+ Kh6 1-0

[Event "Mercredi 2025.01.08 ABCD"]
[Site "Montreal CAN"]
[Date "2025.01.15"]
[Round "2"]
[White "Gadbois, Patrick"]
[Black "Nassif, Aba"]
[Result "0-1"]
[WhiteElo "1959"]
[BlackElo "1989"]
[WhiteFideId "-1"]
[WhiteFideId "-1"]
[PlyCount "86"]
[GameId "2142799102540571"]
[EventDate "2025.01.08"]
[EventType "tourn"]
[EventRounds "5"]
[EventCountry "CAN"]

1. d4 Nf6 2. Bf4 e6 3. e3 c5 4. c3 Nc6 5. Nf3 d5 6. Bd3 Be7 7. Nbd2 Nh5 8. Be5 f5 9. h3 Nf6 10. Bh2 c4 11. Bc2 b5 12. Ne5 Bb7 13. a3 O-O 14. O-O Bd6 15. f3 Qc7 16. f4 a5 17. Ndf3 Ne4 18. Qe1 Rab8 19. g4 b4 20. axb4 axb4 21. Bxe4 fxe4 22. Nxc6 Bxc6 23. Ne5 bxc3 24. bxc3 Rb3 25. Ra2 Bxe5 26. fxe5 Rxf1+ 27. Kxf1 Qb7 28. Qd2 Qf7+ 29. Qf2 Rxc3 30. Ra6 Qb7 31. Ra2 Rxe3 32. Kg2 Rb3 33. Bf4 Rf3 34. Qh4 Rxf4 35. Qd8+ Rf8 36. Qd6 Qd7 37. Qc5 e3 38. Ra7 e2 39. Rxd7 e1=Q 40. Rxg7+ Kxg7 41. Qe7+ Rf7 42. Qg5+ Kf8 43. Qd8+ Be8 0-1

[Event "Mercredi 2025.01.08 ABCD"]
[Site "Montreal CAN"]
[Date "2025.01.15"]
[Round "2"]
[White "Leveille, Francois"]
[Black "Zheng, Richard"]
[Result "0-1"]
[WhiteElo "2275"]
[BlackElo "2395"]
[WhiteFideId "-1"]
[WhiteFideId "-1"]
[PlyCount "73"]
[GameId "2142799102364416"]
[EventDate "2025.01.08"]
[EventType "tourn"]
[EventRounds "5"]
[EventCountry "CAN"]

1. Nf3 Nf6 2. g3 d5 3. Bg2 c6 4. O-O Bg4 5. b3 Nbd7 6. Bb2 e6 7. d4 Be7 8. Nbd2 O-O 9. Ne5 Bh5 10. h3 Nxe5 11. dxe5 Nd7 12. c4 f6 13. cxd5 exd5 14. g4 Bg6 15. exf6 Bxf6 16. Bxf6 Qxf6 17. e4 dxe4 18. Nxe4 Bxe4 19. Bxe4 Rad8 20. Qc2 Qh6 21. Qc3 Nf6 22. Bg2 Qf4 23. Rae1 Rfe8 24. Re3 Rxe3 25. fxe3 Qg3 26. Kh1 Re8 27. Qc4+ Kh8 28. e4 h6 29. Qf7 Qe5 30. g5 hxg5 31. Rf5 Qe7 32. Qg6 Nxe4 33. Rf7 Ng3+ 34. Kh2 Qe5 35. Kg1 Rd8 36. Rf2 Qe3 37. Qf7 0-1

[Event "Mercredi 2025.01.08 ABCD"]
[Site "Montreal CAN"]
[Date "2025.01.15"]
[Round "2"]
[White "Lima-Barbosa, Raphael"]
[Black "Ali, Nehad"]
[Result "1-0"]
[WhiteElo "1928"]
[BlackElo "1939"]
[WhiteFideId "-1"]
[WhiteFideId "-1"]
[PlyCount "121"]
[GameId "2142799102548777"]
[EventDate "2025.01.08"]
[EventType "tourn"]
[EventRounds "5"]
[EventCountry "CAN"]

1. e4 e6 2. d4 d5 3. Nc3 Bb4 4. Nge2 Nf6 5. e5 Ne4 6. a3 Nxc3 7. Nxc3 Be7 8. Qg4 Kf8 9. Be3 Nd7 10. h4 b6 11. h5 c5 12. h6 g6 13. O-O-O a6 14. f4 f5 15. exf6 Nxf6 16. Qf3 Bd7 17. g4 c4 18. Bh3 Qe8 19. Rhg1 Qf7 20. Rdf1 Re8 21. f5 Kg8 22. fxe6 Qxe6 23. g5 Qxh3 24. gxf6 Qxf3 25. Rxf3 Bxf6 26. Rxf6 Rxe3 27. Rgf1 Bf5 28. Nxd5 Re2 29. Kd1 Re4 30. c3 Re8 31. Nxb6 Rf8 32. Rxf8+ Kxf8 33. Nxc4 Ke7 34. Ne5 Rc8 35. Kd2 Kd6 36. Ke3 Rb8 37. Kf4 Kd5 38. c4+ Kd6 39. Rf2 a5 40. Kg5 a4 41. Kf6 Rb7 42. Re2 Be6 43. d5 Bg8 44. Nd3 Rf7+ 45. Kg5 Rf5+ 46. Kg4 Rh5 47. c5+ Kc7 48. Re7+ Kd8 49. d6 Rd5 50. Re3 Bf7 51. Kf3 g5 52. Ke4 g4 53. Ne5 Bg8 54. Nc6+ Kd7 55. Ne7 Rg5 56. Kf4 Rxc5 57. Nxg8 Kxd6 58. Nf6 Rc2 59. Nxh7 Rh2 60. Ng5 Kd5 61. h7 1-0

[Event "Mercredi 2025.01.08 ABCD"]
[Site "Montreal CAN"]
[Date "2025.01.15"]
[Round "2"]
[White "Ramesan, Raunak Amit"]
[Black "Boudreau, Daniel"]
[Result "1/2-1/2"]
[WhiteElo "1949"]
[BlackElo "1906"]
[WhiteFideId "-1"]
[WhiteFideId "-1"]
[PlyCount "83"]
[GameId "2142799102548776"]
[EventDate "2025.01.08"]
[EventType "tourn"]
[EventRounds "5"]
[EventCountry "CAN"]

1. e4 c5 2. Nf3 e6 3. d4 cxd4 4. Nxd4 a6 5. Bd3 Bc5 6. Nb3 Ba7 7. Qe2 Qc7 8. Be3 Bxe3 9. Qxe3 Nc6 10. Nc3 Nf6 11. h3 b5 12. a3 d6 13. Rd1 Rb8 14. O-O O-O 15. f4 Qb6 16. Qxb6 Rxb6 17. Be2 Ne7 18. Bf3 Bb7 19. Rf2 d5 20. exd5 Nexd5 21. Nxd5 Bxd5 22. Bxd5 Nxd5 23. c3 g6 24. Rf3 h5 25. Rd4 Rc8 26. Nd2 Rbc6 27. Rg3 Kf8 28. Rgd3 Ke7 29. Kf2 R8c7 30. g3 Nb6 31. Nf3 f6 32. Re3 Nc4 33. Re2 Kf7 34. Rde4 Rd6 35. Nd4 Re7 36. g4 hxg4 37. hxg4 Re8 38. Kg3 Re7 39. Kf2 Re8 40. Nf3 Red8 41. Nd4 Re8 42. Kg3 1/2-1/2

[Event "Mercredi 2025.01.08 ABCD"]
[Site "Montreal CAN"]
[Date "2025.02.04"]
[Round "2"]
[White "Gelet, Seymour"]
[Black "Pomerantz, Daniel"]
[Result "1-0"]
[WhiteElo "2101"]
[BlackElo "2083"]
[WhiteFideId "-1"]
[WhiteFideId "-1"]
[PlyCount "105"]
[GameId "2142799102495500"]
[EventDate "2025.01.08"]
[EventType "tourn"]
[EventRounds "5"]
[EventCountry "CAN"]

1. d4 Nf6 2. Bg5 g6 3. Nc3 Bg7 4. e4 d6 5. Qd2 O-O 6. O-O-O Nbd7 7. f3 c5 8. Nge2 Qa5 9. Bh6 b5 10. Kb1 b4 11. Nd5 Nxd5 12. Bxg7 Nc3+ 13. bxc3 bxc3 14. Qxc3 Rb8+ 15. Kc1 Qxc3 16. Nxc3 Kxg7 17. dxc5 Nxc5 18. Nd5 Re8 19. Bc4 Be6 20. Rd4 Rb7 21. Bb3 Rc8 22. Kd2 Kf8 23. g4 Nd7 24. h3 Ne5 25. Rf1 Bxd5 26. exd5 g5 27. f4 gxf4 28. Rfxf4 Rbc7 29. Ra4 Rc3 30. h4 Rh3 31. h5 Rh2+ 32. Ke3 Rc3+ 33. Ke4 Re2+ 34. Kd4 Rg3 35. Rxa7 Rd2+ 36. Ke4 Nxg4 37. Rf3 Nf6+ 38. Ke3 Rxf3+ 39. Kxf3 Nxh5 40. a4 Nf6 41. a5 Nxd5 42. a6 Rd1 43. c3 Rd3+ 44. Ke4 Rxc3 45. Bxd5 Ra3 46. Bc4 e6 47. Kd4 h5 48. Rb7 h4 49. a7 Kg7 50. Bxe6 Kf6 51. Bd5 Ra4+ 52. Kc3 Ke5 53. Bc6 1-0

[Event "Mercredi 2025.01.08 ABCD"]
[Site "Montreal CAN"]
[Date "2025.02.05"]
[Round "2"]
[White "Batorshyn, Ilia"]
[Black "Latorre, Vincent"]
[Result "1/2-1/2"]
[WhiteElo "2209"]
[BlackElo "2324"]
[WhiteFideId "-1"]
[WhiteFideId "-1"]
[PlyCount "42"]
[GameId "2142799102364417"]
[EventDate "2025.01.08"]
[EventType "tourn"]
[EventRounds "5"]
[EventCountry "CAN"]

1. b3 e5 2. Bb2 Nc6 3. e3 Nf6 4. Bb5 Qe7 5. Ne2 e4 6. O-O Ne5 7. Ng3 c6 8. Be2 d5 9. d3 Bd7 10. Ba3 Qe6 11. Bxf8 Rxf8 12. dxe4 Nxe4 13. Nxe4 dxe4 14. Qd4 f5 15. Nd2 b6 16. Nc4 Nxc4 17. Bxc4 Qf6 18. Rad1 Qxd4 19. Rxd4 Ke7 20. Rfd1 Rad8 21. Rd6 Bc8 1/2-1/2

[Event "Mercredi 2025.01.08 ABCD"]
[Site "Montreal CAN"]
[Date "2025.01.22"]
[Round "3"]
[White "Ali, Nehad"]
[Black "Nesterov, Timour"]
[Result "1-0"]
[WhiteElo "1939"]
[BlackElo "1954"]
[WhiteFideId "-1"]
[WhiteFideId "-1"]
[PlyCount "89"]
[GameId "2142799102548779"]
[EventDate "2025.01.08"]
[EventType "tourn"]
[EventRounds "5"]
[EventCountry "CAN"]

1. c4 g6 2. Nc3 Bg7 3. d4 c6 4. e4 d6 5. Be3 Nf6 6. f3 O-O 7. Qd2 Nbd7 8. Nge2 c5 9. O-O-O cxd4 10. Bxd4 a6 11. g4 Qc7 12. Ng3 b5 13. g5 Ne8 14. Nd5 Qd8 15. cxb5 axb5 16. Kb1 Ne5 17. Be2 Be6 18. f4 Nc4 19. Bxc4 bxc4 20. Nc3 Bg4 21. Rdf1 e5 22. fxe5 dxe5 23. Be3 Nc7 24. h3 Be6 25. Qe2 Qe7 26. Rd1 Rfb8 27. Qc2 Nb5 28. Nxb5 Rxb5 29. Ne2 Rab8 30. Bc1 Qb4 31. Nc3 Ra5 32. Rh2 Bf8 33. Rhd2 Raa8 34. h4 Bc5 35. h5 Bd4 36. Rxd4 exd4 37. Rxd4 Rd8 38. Qd2 Qa5 39. h6 Qb6 40. Nd5 Bxd5 41. Rxd5 Rxd5 42. Qxd5 Qa6 43. a3 Re8 44. Qd4 f6 45. Qd7 1-0

[Event "Mercredi 2025.01.08 ABCD"]
[Site "Montreal CAN"]
[Date "2025.01.22"]
[Round "3"]
[White "Boudreau, Daniel"]
[Black "Lima-Barbosa, Raphael"]
[Result "1/2-1/2"]
[WhiteElo "1906"]
[BlackElo "1928"]
[WhiteFideId "-1"]
[WhiteFideId "-1"]
[PlyCount "67"]
[GameId "2142799102548778"]
[EventDate "2025.01.08"]
[EventType "tourn"]
[EventRounds "5"]
[EventCountry "CAN"]

1. e4 c5 2. Nf3 d6 3. Bb5+ Nd7 4. O-O a6 5. Bxd7+ Bxd7 6. c3 Nf6 7. Qe2 Qc7 8. d3 e6 9. Bf4 Be7 10. Rd1 Bc6 11. Nbd2 O-O 12. d4 cxd4 13. cxd4 Bb5 14. Qe3 Rfc8 15. a4 Bd7 16. h3 b5 17. a5 Qc2 18. Ne1 Qc7 19. Nd3 Qb7 20. g4 Bc6 21. f3 Qc7 22. Rdc1 Qd8 23. Nb3 Nd7 24. Rc3 Nf8 25. Rac1 Bb7 26. R1c2 Bf6 27. Qf2 Ng6 28. Bg3 Rxc3 29. Rxc3 Rc8 30. Qc2 Be7 31. Nf4 Nf8 32. Rxc8 Qxc8 33. Qxc8 Bxc8 34. Nd3 1/2-1/2

[Event "Mercredi 2025.01.08 ABCD"]
[Site "Montreal CAN"]
[Date "2025.01.22"]
[Round "3"]
[White "Di Matteo, Alessio"]
[Black "Gadbois, Patrick"]
[Result "1-0"]
[WhiteElo "1965"]
[BlackElo "1959"]
[WhiteFideId "-1"]
[WhiteFideId "-1"]
[PlyCount "55"]
[GameId "2142799102540574"]
[EventDate "2025.01.08"]
[EventType "tourn"]
[EventRounds "5"]
[EventCountry "CAN"]

1. e4 e6 2. d4 d5 3. Nd2 dxe4 4. Nxe4 Nf6 5. Nxf6+ gxf6 6. Nf3 Nc6 7. Bd3 b6 8. O-O Bb7 9. c3 Qd5 10. Qe2 a6 11. Bc4 Qh5 12. d5 Na5 13. dxe6 Nxc4 14. exf7+ Kxf7 15. Qxc4+ Bd5 16. Ng5+ fxg5 17. Qxd5+ Kg7 18. Qe5+ Kg6 19. Qe6+ Kg7 20. Be3 Bd6 21. Bd4+ Kf8 22. Qf6+ Ke8 23. Qxh8+ Kd7 24. Qg7+ Kc6 25. Be5 Rd8 26. Bxd6 Rxd6 27. Rfe1 Rh6 28. Qe5 1-0

[Event "Mercredi 2025.01.08 ABCD"]
[Site "Montreal CAN"]
[Date "2025.01.22"]
[Round "3"]
[White "Genzling, Jerome"]
[Black "Chapdelaine, Gwyn"]
[Result "1/2-1/2"]
[WhiteElo "2143"]
[BlackElo "2194"]
[WhiteFideId "-1"]
[WhiteFideId "-1"]
[PlyCount "91"]
[GameId "2142799102495502"]
[EventDate "2025.01.08"]
[EventType "tourn"]
[EventRounds "5"]
[EventCountry "CAN"]

1. e4 c5 2. Nf3 d6 3. d4 cxd4 4. Nxd4 Nf6 5. Nc3 Nc6 6. g3 g6 7. Bg2 Nxd4 8. Qxd4 Bg7 9. h3 O-O 10. Qd3 Bd7 11. O-O Bc6 12. Nd5 e6 13. Nxf6+ Bxf6 14. Rd1 Qb6 15. Rb1 Rfd8 16. c4 Qa6 17. a3 b5 18. Qf3 Bg7 19. Bg5 f6 20. Bf4 bxc4 21. Rxd6 e5 22. Rxd8+ Rxd8 23. Be3 Qa4 24. Qe2 Bb5 25. Qe1 a6 26. Qc3 Rd3 27. Qc1 f5 28. exf5 gxf5 29. Bf1 Rd6 30. b3 cxb3 31. Qc8+ Bf8 32. Qxf5 Bxf1 33. Rxf1 Qb5 34. a4 Qd5 35. Qg4+ Bg7 36. Qb4 e4 37. Rb1 b2 38. Rxb2 Bxb2 39. Qxb2 Kf7 40. Kh2 Rd7 41. Qh8 Qf5 42. Qc8 Qe6 43. a5 Rd5 44. Qc7+ Qd7 45. Qf4+ Qf5 46. Qc7+ 1/2-1/2